Statistics for Countries whose Neighbours end with Consonants

Click here to take the quiz!

General Stats

  • This quiz has been taken 40 times
  • The average score is 6 of 12

Answer Stats

# Country % Correct
1Ireland
81%
2United Kingdom
81%
1Haiti
78%
1Portugal
72%
3Cambodia
53%
4Turkmenistan
53%
5Uzbekistan
50%
7Saudi Arabia
42%
1Canada
39%
1Gambia
31%
2Equatorial Guinea
22%
4Nigeria
22%

Score Distribution

Percentile by Number Answered

Percent of People with Each Score

Your Score History

You have not taken this quiz